00668nam a2200193Ia 4500008004100000020001500041082001500056100001900071245006800090250000700158260004300165300002800208500001900236600002100255650005000276942000700326952012600333999001500459240925s9999 xx 000 0 und d a8176352934 a005.73 LAF aLafore, Robert 0aSAMS Teach Yourself Data Structures and Algorithms: in24 hours  aNA aIndia:bTechmedia publicationsc,2002. axxv,507p.bNAfOriginal aIncludes Index aComputer Science aComputer science, information & general works cBK 001040708CSaUITUbUITUd2003-01-04eVanguard Booksg256.23l0o005.73 LAFpQ4998r2024-09-25 07:13:42w2024-09-25yBK c7497d7497